[Event "It (open)"]
[Site "masterchessopen.com Trevias (Spain)"]
[Round "7"]
[White "Perez Luis Manuel (CUB)"]
[Black "Lobo Jesus Rodriguez (ESP)"]
[Result "1-0"]
[WhiteElo "2430"]
[BlackElo "2180"]

1.d4 d5 2.c4 e6 3.Nf3 Nf6 4.g3 Be7 5.Bg2 O-O 6.O-O c6 7.Qc2 b6 8.Nbd2 Bb7 9.e4
dxe4 10.Nxe4 Nxe4 11.Qxe4 Nd7 12.Rd1 Nf6 13.Qc2 Qc7 14.Bf4 Bd6 15.Be5 Bxe5
16.dxe5 Nd7 17.Ng5 g6 18.f4 c5 19.Bxb7 Qxb7 20.Rd6 Rac8 21.Rad1 Nb8 22.Qe2 Nc6
23.Qg2 h6 24.Nxe6 fxe6 25.Rxe6 Rf7 26.Rxg6+ Rg7 27.Rdd6 Qf7 28.Rxg7+ Kxg7
29.Qh3 Ne7 30.Rf6 {#r} 1-0

[Event "Ch Hungary (team) 2002/03"]
[Site "masterchessopen.com Hungary"]
[Date "2003.02.02"]
[Round "6"]
[White "Horvath Csaba (HUN)"]
[Black "Gyorkos Lajos (HUN)"]
[Result "1-0"]
[WhiteElo "2565"]
[BlackElo "2423"]

1.d4 Nf6 2.c4 e6 3.g3 d5 4.Nf3 Be7 5.Bg2 O-O 6.O-O c6 7.Qc2 b6 8.b3 Nbd7 9.Rd1
Bb7 10.Nc3 Rc8 11.e4 c5 12.exd5 exd5 13.Bb2 Re8 14.Ng5 h6 15.Nh3 Qc7 16.cxd5
cxd4 17.Rxd4 Bc5 18.Rdd1 Qb8 19.Rac1 Ba6 20.Qf5 Rcd8 21.Nf4 Qe5 22.Qc2 Qd6
23.h3 Rc8 24.Qd2 b5 25.Re1 Qb6 26.Ne4 Nxe4 27.Bxe4 Nf6 28.Bf3 Rxe1+ 29.Rxe1 b4
30.Rc1 Bb7 31.Kg2 a5 32.Nd3 Be7 33.Rxc8+ Bxc8 34.Ne5 Bf5 35.Qf4 {#r} 1-0

[Event "Ch Hungary (juniors) (under 20) (g)"]
[Site "masterchessopen.com Budapest (Hungary)"]
[Date "2003.04.14"]
[Round "1"]
[White "Ignacz Maria (HUN)"]
[Black "Remete Zsuzsa (HUN)"]
[Result "0-1"]
[WhiteElo "2153"]
[BlackElo "2067"]

1.d4 d5 2.c4 e6 3.Nf3 Nf6 4.g3 Be7 5.Bg2 O-O 6.O-O c6 7.Qc2 b6 8.Nbd2 Nbd7
9.e4 dxe4 10.Nxe4 Nxe4 11.Qxe4 Bb7 12.Rd1 Qc8 13.Bf4 Re8 14.Rac1 c5 15.Qe2
cxd4 16.Nxd4 Bxg2 17.Kxg2 Bf6 18.Nb5 e5 19.Nd6 Qc6+ 20.Kg1 Re6 21.Qd2 exf4
22.Qxf4 Rf8 23.Nf5 Re4 24.Qd2 Ne5 25.Qb4 Rxc4 26.Rxc4 Qxc4 27.Qd6 Qe6 28.Ne3
Qxd6 29.Rxd6 Rd8 {#R} 0-1

[Event "It (open)"]
[Site "masterchessopen.com Calvia (Spain)"]
[Date "2004.11.04"]
[Round "4"]
[White "Veingold Aleksandr (EST)"]
[Black "Ahmed Sk Nasir (BAN)"]
[Result "1-0"]
[WhiteElo "2473"]
[BlackElo "2359"]

1.d4 Nf6 2.Nf3 e6 3.g3 d5 4.Bg2 Be7 5.c4 c6 6.O-O O-O 7.Qc2 b6 8.Nbd2 Bb7 9.e4
dxe4 10.Nxe4 c5 11.Nxf6+ Bxf6 12.Ng5 Bxg5 13.Bxb7 Bxc1 14.Bxa8 Bg5 15.dxc5
bxc5 16.Rad1 Qc7 17.Be4 h6 18.Qa4 Bf6 19.b4 Bd4 20.bxc5 Bxc5 21.Rd2 f5 22.Bf3
e5 23.Bd5+ Kh8 24.Rb2 Bb6 25.Qa3 Nd7 26.Qe7 Bc5 27.Rb7 Qxb7 28.Qxf8+ Bxf8
29.Bxb7 Nc5 30.Bc8 g6 31.Rb1 Kg7 32.f3 Kf6 33.Kf1 e4 34.Ke2 Ke5 35.Rd1 Kf6
36.Bd7 exf3+ 37.Kxf3 Be7 38.Bc8 Kf7 39.Rd5 Kf6 40.Bd7 h5 41.Ke3 Na6 42.Kd4 Nc7
43.Ra5 a6 44.Re5 Ba3 45.Re2 Kg5 46.c5 Kg4 47.Bc6 a5 48.Bg2 h4 49.gxh4 Kxh4
50.Re7 Na6 51.Rh7+ Kg4 52.c6 Bd6 53.Kd5 Bf4 54.Ke6 Kg5 55.Kf7 Be5 56.h4+ Kg4
57.Kxg6 f4 58.Rf7 Kxh4 59.Kf5 Bd6 60.Rd7 Bb8 61.Rb7 Bd6 62.Ke6 Bb8 63.Rxb8
{#r} 1-0

[Event "It (cat.7)"]
[Site "masterchessopen.com Budapest (Hungary)"]
[Date "2004.11.06"]
[Round "1"]
[White "Ilincic Zlatko (SRB)"]
[Black "Ziatdinov Raset (USA)"]
[Result "1-0"]
[WhiteElo "2522"]
[BlackElo "2464"]

{ } 1.d4 { 1 } 1...d5 2.c4 e6 3.Nf3 Nf6 4.g3 Be7 5.Bg2 O-O 6.O-O c6 7.Qc2 b6
8.Rd1 { ?/= } 8...a5 ( 8...Bb7 9.b3 Nbd7 10.Nc3 Rc8 11.e4 Nxe4 12.Nxe4 dxe4
13.Qxe4 Nf6 14.Qe2 Qd6 15.Ne5 Qb8 16.Bf4 Qa8 17.Rd3 c5 18.Bxb7 Qxb7 19.dxc5
Bxc5 20.Rad1 Qa8 21.Bg5 Ne4 22.Be3 Bxe3 23.Qxe3 Nf6 24.g4 h6 25.h4 Rcd8 26.f3
Rxd3 27.Rxd3 Rd8 28.b4 { ...1/2-1/2, Kasparov Garry 2770 - Piva Giorgio 2156 ,
Asiago 1991 Simultan } ) ( 8...Nbd7 9.b3 Ba6 10.Nbd2 Rc8 11.e4 c5 12.exd5 exd5
13.Qf5 Bb7 14.Bb2 dxc4 15.Nxc4 b5 16.d5 bxc4 17.d6 Re8 18.dxe7 Qxe7 19.bxc4
Rb8 20.Bc3 Qe4 21.Qxe4 Bxe4 22.Bd2 h6 23.Rdc1 Rb2 24.Bc3 Re2 25.h3 Re6 26.a4
Nb6 27.Ne1 Bxg2 28.Nxg2 { ...1/2-1/2, Beliavsky Alexander G 2710 - Akopian
Vladimir 2660 , Madrid 1997 It (cat.17) } ) ( 8...Ba6 9.b3 Nbd7 10.Nbd2 Rc8
11.e4 c5 12.e5 Ne8 13.cxd5 exd5 14.Qf5 Nc7 15.Bb2 g6 16.Qg4 Be2 17.Re1 Bd3
18.Qf4 Bf5 19.Rac1 Be6 20.h4 Re8 21.Bf1 a6 22.Bd3 a5 23.Kg2 a4 24.Rh1 axb3
25.axb3 Ra8 26.Bb1 Nb5 27.h5 g5 28.Qe3 { ...0-1, Muhvic Damir 2243 - Feletar
Darko 2434 , Pula 2002 Cup Croatia (team) } ) 9.Nbd2 { } ( 9.b3 Bb7 10.Nc3 Ba6
11.Ne5 Nfd7 12.Bb2 Nxe5 13.dxe5 Ra7 14.Rac1 Rd7 15.cxd5 cxd5 16.e3 b5 17.Ne2
b4 18.Nd4 Bb7 19.Bf1 Qb6 20.Bb5 { 1/2-1/2, Schmitz Joachim 2322 - Eismont Oleg
2443 , Germany 21.10.2001 Oberliga NRW (2) 2001/02 } ) ( 9.Bf4 Ba6 10.Ne5 Nfd7
11.cxd5 cxd5 12.e4 Nxe5 13.Bxe5 Bb7 14.Nc3 dxe4 15.Bxe4 Bxe4 16.Qxe4 Nd7 17.d5
Nxe5 18.Qxe5 exd5 19.Nxd5 Ra7 20.Rd3 Bc5 21.Rad1 Qe8 22.Qf5 Qe6 23.Qxe6 Bxf2+
24.Kxf2 fxe6+ 25.Rf3 exd5 26.Rxf8+ Kxf8 27.Rxd5 Rc7 28.Rb5 Rc2+ { ...1/2-1/2,
Riazantsev Alexander 2556 - Ziatdinov Raset 2424 , Vladimir 25. 8.2004 It
(open) } ) ( 9.Ne5 Nfd7 10.cxd5 cxd5 11.e4 Nxe5 12.exd5 Ng6 13.d6 { 1/2-1/2,
Arakelian E 2433 - Paronjan Aleksandar 2423 , Zeleny Shum 2000 It (b) } )
9...Na6 { N } ( 9...Ba6 10.e4 Nxe4 11.Nxe4 dxe4 12.Qxe4 Bxc4 13.Ne5 Bd5 14.Qc2
Bf6 15.Be3 Ra7 16.Rac1 Bxe5 17.dxe5 Rd7 18.b3 c5 19.f4 Nc6 20.Kf2 Qa8 21.Qb1
Rfd8 22.Bxd5 Rxd5 23.Rxd5 Rxd5 24.Rd1 g6 25.h4 Qd8 26.Rxd5 exd5 27.h5 Qd7
28.Qd3 Nb4 29.Qe2 { ...0-1, Kozlov Oleg 2390 - Arnold Ferenc 2355 , Budapest
1995 Memorial Schneider } ) ( 9...Bb7 10.e4 Na6 11.b3 Rc8 12.Bb2 Rc7 13.Rac1
Nb4 14.Qb1 Nxe4 15.Nxe4 dxe4 16.Qxe4 Nxa2 17.Ra1 Nb4 18.c5 Rc8 19.Bc3 Nd5
20.Be1 Ra8 21.cxb6 Qxb6 22.Ne5 Qc7 23.Rdc1 Bb4 24.Rc4 Rfd8 25.Rac1 Rd6 26.Qb1
Bxe1 27.Rxe1 Nb4 28.Rec1 Rad8 29.Nf3 { ...1-0, Andreeva Nataliya 2286 -
Ziatdinov Raset 2424 , St. Petersburg 2003 Cup Russia (open) } ) 10.e4 Ra7
11.Ne5 Rc7 12.Qb3 Nb4 { ?! } ( 12...Nd7 { !? } 13.exd5 cxd5 14.cxd5 Nxe5 { } )
13.a3 a4 14.Qxa4 b5 15.cxb5 cxb5 16.Qxb5 Ba6 17.Qa4 Nc2 18.Nc6 Rxc6 19.Qxc6
Bd3 20.Qc3 dxe4 21.Bxe4 Bxe4 22.Nxe4 Nxa1 23.Nxf6+ Bxf6 24.b4 e5 25.Qxa1 exd4
26.Bb2 Qd5 27.a4 h5 28.h4 Re8 { ?! } ( 28...Qb3 { !? } 29.Re1 Rd8 30.Qa3 Qc2 {
} ) 29.a5 g5 30.Bxd4 Rd8 31.Bxf6 Qxd1+ 32.Qxd1 Rxd1+ 33.Kg2 Rb1 34.Be7 f6
35.a6 Kf7 36.Bc5 Ke6 37.a7 Ra1 38.g4 hxg4 39.h5 g3 40.Kxg3 { } {#r} 1-0

[Event "It (open)"]
[Site "masterchessopen.com Calvia (Spain)"]
[Date "2004.11.06"]
[Round "6"]
[White "Veingold Aleksandr (EST)"]
[Black "Contreras Henry (COL)"]
[Result "1-0"]
[WhiteElo "2473"]
[BlackElo "2307"]

1.d4 Nf6 2.Nf3 e6 3.g3 d5 4.Bg2 Be7 5.c4 c6 6.O-O O-O 7.Qc2 b6 8.Nbd2 Ba6 9.b3
Nbd7 10.e4 Rc8 11.e5 Ne8 12.Rd1 Nc7 13.Bb2 c5 14.Rac1 b5 15.Qb1 bxc4 16.bxc4
Nb6 17.dxc5 Bxc5 18.Ne4 Be7 19.cxd5 Ncxd5 20.Rxc8 Nxc8 21.Bd4 h6 22.Nc5 Be2
23.Rd2 Bxf3 24.Bxf3 Ncb6 25.Qb3 Bxc5 26.Bxc5 Qg5 27.Rd1 Rc8 28.Bd4 Rc1 29.h4
Qd2 30.Rxc1 Qxc1+ 31.Kg2 Qc6 32.h5 g5 33.hxg6 fxg6 34.Qd3 Kg7 35.Be4 g5 36.Kh2
Qd7 37.Qf3 Qe8 38.Bxd5 Nxd5 39.Bxa7 h5 40.Bc5 g4 41.Qe4 Qb5 42.Be3 Qf1 43.a4
Qh3+ 44.Kg1 h4 45.Bf4 hxg3 46.Bxg3 Kf7 47.a5 Qh6 48.Qxg4 Qc1+ 49.Kg2 Qa3
50.Qf3+ Qxf3+ 51.Kxf3 Nc7 52.Bf4 Ke7 53.Kg4 Kd7 54.Be3 Kc6 55.Bb6 Nd5 56.Kg5
Kd7 57.Bc5 Nc7 58.Bd6 Nd5 59.a6 Kc6 60.a7 Kb7 61.Bc5 Ka8 62.Kg6 Nc3 63.Be3
{#r} 1-0

[Event "It (open) \"]
[Site "masterchessopen.com Moscow (Russia)"]
[Date "2005.02.21"]
[Round "7"]
[White "Vaganian Rafael A (ARM)"]
[Black "Sargissian Gabriel (ARM)"]
[Result "0-1"]
[WhiteElo "2614"]
[BlackElo "2610"]

{ Vaganian Rafael A (ARM) +3 =1 -1 } 1.Nf3 Nf6 2.c4 e6 3.g3 d5 4.Bg2 Be7 5.d4
O-O 6.O-O c6 7.Qc2 b6 8.Rd1 Ba6 9.b3 Nbd7 10.Nbd2 { = } 10...b5 ( 10...Rc8
11.e4 c5 12.exd5 exd5 13.Qf5 Bb7 14.Bb2 dxc4 15.Nxc4 b5 16.d5 bxc4 17.d6 Re8
18.dxe7 Qxe7 19.bxc4 Rb8 20.Bc3 Qe4 21.Qxe4 Bxe4 22.Bd2 h6 23.Rdc1 Rb2 24.Bc3
Re2 25.h3 Re6 26.a4 Nb6 27.Ne1 Bxg2 28.Nxg2 Rd6 29.a5 Nbd7 30.Kf1 Re4 31.Ne3
Ne5 32.Bxe5 Rxe5 33.Rd1 Rd4 34.a6 Ne4 35.Kg2 Re6 36.Rxd4 cxd4 37.Nd5 Nc5
38.Ra5 Nxa6 39.Nf4 Rc6 40.Nd3 Kf8 41.c5 Ke8 42.Kf3 Nc7 43.Rxa7 Na6 44.Ke4 {
1/2-1/2, Beliavsky Alexander G 2710 - Akopian Vladimir 2660 , Madrid 1997 It
(cat.17) } ) ( 10...c5 11.e4 dxc4 12.bxc4 cxd4 13.e5 Ng4 14.Qe4 h5 15.h3 Nc5
16.Qxd4 Nh6 17.Ba3 Qc7 18.Bxc5 bxc5 19.Qc3 Rad8 20.Ne4 Nf5 21.g4 hxg4 22.hxg4
Nh6 23.Nh2 Rxd1+ 24.Rxd1 Rd8 25.Rxd8+ Qxd8 26.Bf3 Bb7 27.Kg2 Bxe4 28.Bxe4 Bg5
29.Kg3 Bd2 30.Qb2 g5 31.f3 Bf4+ 32.Kg2 Qc7 33.Nf1 Bxe5 34.Qe2 Bf4 35.Bb1 Kf8
36.Qb2 Ng8 37.Qh8 Be5 38.Qh5 Qd8 39.Bh7 Bf4 { 0-1, Huebner Robert Dr 2615 -
Anand Viswanathan 2762 , Dortmund 2000 It (cat.16) } ) 11.c5 b4 12.Re1 ( 12.e4
Nxe4 13.Nxe4 dxe4 14.Qxe4 Nxc5 15.Qc2 Nd7 16.Ne5 Nxe5 17.dxe5 Qc7 18.Qxc6 Qxc6
19.Bxc6 Rac8 20.Be4 Bb5 21.Be3 Bc5 22.Bb7 Rc7 23.Rac1 Rxb7 24.Bxc5 Rfb8
25.Bxb4 Be2 26.Rd4 Bf3 27.Bd6 Rd8 28.Rc3 Bd5 29.f4 h6 30.Kf2 Kh7 31.Ke3 Kg6
32.Ra4 h5 33.b4 Ra8 34.Ra6 Rb6 35.Ra5 a6 36.a4 Bg2 37.Rc7 Bf1 38.b5 Bg2 39.Bc5
Rb7 40.b6 Kf5 41.Bd4 Kg4 42.Rac5 Rxb6 43.Rxf7 Rb3+ 44.Rc3 Rxc3+ 45.Bxc3 Kh3
46.Rxg7 Kxh2 47.f5 exf5 48.e6 Rc8 49.Be5 Rc4 50.g4+ Kh3 51.gxh5 Re4+ { ...1-0,
Filippov Valerij 2605 - Liang Chong 2412 , Shenyang 1999 Ch World Cities } )
12...Ne8 { N } ( 12...Bb5 13.a4 ( 13.Bb2 Re8 ( 13...Qc7 14.Rad1 ( 14.e4 Nxe4
15.Nxe4 dxe4 16.Rxe4 Nf6 17.Rh4 h6 18.Re1 Rfd8 19.Ne5 Nd7 20.Rxh6 gxh6 21.Nxf7
Nf8 22.Nxh6+ Kg7 23.d5+ Kxh6 24.d6 Bxd6 25.cxd6 Qxd6 26.Be5 Qd7 27.Be4 Ng6
28.Bxg6 Bd3 29.Bxd3 Qxd3 30.Qxc6 Qd5 31.Qc1+ Kg6 32.Qf4 Rf8 33.Qg4+ Kh6
34.Qg7+ Kh5 35.g4+ Kh4 36.Qh6+ Kxg4 37.h3+ { 1-0, Zubarev Alexander 2505 -
Zaitsev Vladimir_ 2392 , Serpukhov 11.2004 It (a) } ) 14...a5 15.e4 dxe4
16.Ng5 Bd3 17.Qc1 Rfd8 18.Ndxe4 Nxe4 19.Nxe4 Bxe4 20.Bxe4 Nf6 21.Bc2 Rd5
22.Qe3 Rad8 23.Qe2 R5d7 24.h4 Bf8 25.Kg2 g6 26.Qc4 Bg7 27.Bc1 Nd5 28.Bg5 Bf6
29.Bxf6 Nxf6 30.Be4 Nxe4 31.Rxe4 Rd5 32.Rc1 Kg7 33.Rce1 Qd7 34.Qa6 Rxd4
35.Rxd4 Qxd4 36.Qxc6 Rd5 37.Kh2 Qb2 38.Kg2 Rf5 39.Rf1 Qc2 40.Qd6 Qxc5 41.Qxc5
Rxc5 42.a3 Rc3 43.axb4 axb4 44.Rb1 h5 45.Rb2 Kf6 46.Kf1 Kf5 47.Ke1 f6 48.Kf1
e5 49.Ke1 Ke4 { 0-1, Laird Craig 2305 - Hoi Carsten 2415 , Farum 1981 Ch
Cleveland } ) ( 13...a5 14.a3 Qc7 15.axb4 axb4 16.e3 Qb7 17.Rxa8 Rxa8 18.Ra1
Rxa1+ 19.Bxa1 Qa6 20.Bb2 Bd3 21.Qc1 Ne4 22.Ne1 f5 23.f3 Bg5 24.f4 Bf6 25.Nxe4
fxe4 26.Qd2 Qa2 27.Nxd3 exd3 28.Bc1 Qxd2 29.Bxd2 Nxc5 30.dxc5 Bc3 31.Kf2 Bxd2
32.Bf1 Kf7 { 1/2-1/2, Datu Idelfonso 2436 - Liang Chong 2531 , Beijing 2001
Zhong Hong Real Estate Cup (cat.10) } ) 14.a4 bxa3 15.Rxa3 Nf8 16.Ne5 N6d7
17.Nxd7 Qxd7 18.e4 f5 19.exd5 exd5 20.Nf3 Bf6 21.Ne5 Bxe5 22.dxe5 Qf7 23.b4
Ne6 24.Qd2 Rab8 25.f4 Rb7 26.Qc2 Qf8 27.Bc3 Nxc5 28.Bd4 Ne4 29.Bxe4 fxe4
30.Bc5 Qf7 31.Qf2 a6 32.Bd6 Qf5 33.Kg2 Rf7 34.Bc5 Re6 35.Be3 Rh6 36.h4 Qg4
37.Rh1 Be2 38.Re1 Bc4 39.Rh1 Rf5 40.Rh2 Rg6 41.Ra1 d4 { 0-1, Born Mario 2217 -
Novoselski Zoran 2362 , Boblingen 1985 It (open) } ) ( 13.e4 Nxe4 14.Nxe4 dxe4
15.Qxe4 Nf6 16.Qc2 Nd5 17.Bd2 a5 18.a4 bxa3 19.Rxa3 Nb4 20.Bxb4 axb4 21.Rxa8
Qxa8 22.Ne5 Rd8 23.Qe4 Bf6 24.Nxc6 Bxc6 25.Qxc6 Qxc6 26.Bxc6 Bxd4 27.Rc1 Rc8
28.Bb7 Rc7 29.c6 Kf8 30.Rc4 Bc3 31.Rc5 Ke7 32.Ra5 Kd6 33.Kf1 f5 34.Ke2 e5
35.Ra8 Re7 36.Rd8+ Kc7 37.Rd7+ Rxd7 38.cxd7 Kxd7 39.Bd5 Ke7 40.Bg8 h5 41.Bh7
Kf6 42.h4 e4 43.f3 g6 44.Bg8 f4 45.gxf4 e3 46.Kxe3 Be1 47.Bc4 Bxh4 48.Ba6 Be1
{ 1/2-1/2, Antunes Antonio 2496 - Nikolac Juraj 2410 , Almada 1988 It (cat.7)
} ) 13...bxa3 14.Bxa3 ( 14.Nb1 Ne4 { +0.37 CAP } ) 14...a5 ( 14...Re8 15.Bb2
g6 16.Ra2 Bf8 17.e3 Qc7 18.Rea1 a6 19.Nc4 Rab8 20.Na3 Bg7 21.Nxb5 axb5 22.Ne1
e5 23.Nd3 e4 24.Nb4 Rb7 25.Bh3 h5 26.Ra8 Nb8 27.Qd1 Nh7 28.Bg2 Qd7 29.R1a2 Nf6
30.Bc3 h4 31.gxh4 Rc7 32.h3 Qf5 33.Be1 Rcc8 34.R2a7 Nbd7 35.Qa1 Qh5 36.Nxc6
Rxc6 37.Rxe8+ Nxe8 38.Rxd7 Re6 39.Rb7 Nf6 40.Rxb5 Qe2 41.Bf1 Qf3 42.c6 { 1-0,
Ftacnik Lubomir 2585 - Bauer Christian 2490 , Germany 1998 Bundesliga 1998/99
} ) 15.Bb2 Qc7 16.Bc3 Ra6 17.e3 Rfa8 18.Ra2 Qb8 19.Rea1 Bd8 20.Qd1 Bc7 21.Bf1
Qb7 22.Ra3 Ne8 23.R1a2 e5 24.Bh3 exd4 25.Bxd4 Bd8 26.e4 Be7 27.Qc2 Nf8 28.Qc3
Qc7 29.Nh4 Bxh4 30.gxh4 dxe4 31.Nxe4 Qf4 32.Bg2 Rd8 33.Ra1 Ne6 34.Be5 Qxh4
35.Rxa5 Rxa5 36.Qxa5 Qh5 37.Bd6 Nxd6 38.cxd6 Qe5 39.Rd1 f5 40.Qc3 Qf4 41.Nf6+
gxf6 42.Qxf6 Rxd6 { 0-1, Obukhov Alexander 2405 - Giorgadze Giorgi 2625 ,
Krasnodar 1997 Cup Russia (open) } ) ( 12...e5 13.Nxe5 Nxe5 14.dxe5 Nd7 15.Nf3
Bxc5 16.Bh3 Bb6 17.Qxc6 Nc5 18.Be3 Ne4 19.Bd4 Rb8 20.e6 Bxd4 21.Nxd4 Rb6
22.Qd7 Nxf2 23.exf7+ Kh8 24.Qxd8 Nxh3+ 25.Kg2 Rxd8 26.Rf1 Rf8 27.Kxh3 Rf6
28.Rxf6 gxf6 29.Rc1 Rxf7 30.Rc6 Bb7 31.Rd6 Kg7 32.Ne6+ Kg6 33.g4 Re7 34.Kg3 h6
35.h4 Ba8 36.Kf4 h5 37.g5 Kf7 38.Kf5 fxg5 39.hxg5 Re8 40.Rd7+ Kg8 41.Kf6 Bc6 {
1-0, Cichocki Adam 2335 - Bogdanovich Grigory 2349 , Warsaw 1990 It (open) } )
13.e4 Nc7 14.h4 Bb5 15.Bb2 Qe8 16.Bh3 dxe4 17.Nxe4 f5 { ? } ( { ? } 17...Qd8
18.Neg5 Bxg5 19.Nxg5 Nf6 { } ) 18.Neg5 { ?! } ( 18.Nd6 { !? } 18...Bxd6
19.cxd6 Nd5 20.a4 { } ) 18...Qg6 19.Bg2 Rae8 20.Bc1 Bxg5 21.hxg5 Nd5 22.Bf4
Nxf4 23.gxf4 h6 24.Qd2 hxg5 25.fxg5 { ? } ( 25.Nxg5 a5 26.a4 bxa3 27.Rxa3 { }
) 25...e5 26.dxe5 Nxc5 27.Qd6 Ne6 28.Rad1 { ?! } ( 28.Qxb4 { !? } 28...Nxg5
29.Nxg5 Qxg5 30.a4 { } ) 28...a5 { ?! } ( 28...c5 { !? } 29.Qd2 f4 30.Qd6 Be2
{ } ) 29.Nd4 f4 30.Nxb5 { ? } ( { ? } 30.f3 Qf7 31.Nxc6 Bxc6 32.Qxc6 { } )
30...f3 { ! } ( 30...cxb5 31.Qd3 Qxg5 32.Kf1 f3 { } ) 31.Nd4 fxg2 32.Nxe6 Rxe6
33.Qd7 Qf5 34.f4 Qh3 35.Re4 Qh1+ 36.Kf2 Rxe5 37.Rxe5 g1=Q+ 38.Rxg1 Rxf4+
39.Ke3 Qf3+ 40.Kd2 Qc3+ { -9.00 CAP } {#R} 0-1

[Event "Ch Greece (team)"]
[Site "masterchessopen.com Greece"]
[Date "2005.07.08"]
[Round "6"]
[White "Papadopoulos Nikolaos (GRE)"]
[Black "Stefanis Alexandros (GRE)"]
[Result "1-0"]
[WhiteElo "2098"]
[BlackElo "1798"]

1.d4 d5 2.c4 e6 3.Nf3 Nf6 4.g3 Be7 5.Bg2 O-O 6.O-O c6 7.Qc2 b6 8.Nbd2 Nbd7
9.e4 Bb7 10.e5 Ne8 11.b3 Rc8 12.Bb2 h6 13.Rac1 Nc7 14.Rfd1 Na6 15.Nf1 Qe8
16.Ne3 Nb4 17.Qb1 c5 18.a3 cxd4 19.Nxd4 Na6 20.cxd5 Rxc1 21.Rxc1 exd5 22.f4
Qa8 23.b4 Rd8 24.e6 Nf6 25.Ndf5 Kf8 26.Nxe7 Kxe7 27.Nf5+ Kxe6 28.Nxg7+ Ke7
29.Bxf6+ Kxf6 30.Nh5+ Ke7 31.Qb2 d4 32.Qe2+ Kf8 33.Qe5 Bxg2 34.Re1 Be4 35.Rxe4
Qxe4 36.Qxe4 d3 37.Qe1 d2 38.Qd1 Nc7 39.Nf6 Nb5 40.Ne4 Nxa3 41.Nxd2 Nc4 42.Qh5
Rxd2 43.Qxh6+ Ke7 44.Qc6 Rd4 45.Qc7+ Kf6 46.Qxa7 Rd2 47.g4 Kg7 48.Qe7 Rd1+
49.Kg2 Rd2+ 50.Kg3 Rd3+ 51.Kh4 Nd2 52.Qg5+ Kf8 53.Qh6+ Kg8 54.Qxb6 Nf3+ 55.Kg3
Ne5+ 56.Kf2 Rd2+ 57.Kf1 Nf3 58.Qe3 Nxh2+ 59.Kg1 Ra2 60.Qg3 Rb2 {#r} 1-0

[Event "It (open)"]
[Site "masterchessopen.com Graz (Austria)"]
[Date "2005.09.05"]
[Round "3"]
[White "Spelec Darko (SLO)"]
[Black "Eckhoff Karlheinz (AUT)"]
[Result "1-0"]
[WhiteElo "2058"]
[BlackElo "2019"]

1.d4 d5 2.Nf3 Nf6 3.c4 e6 4.g3 Be7 5.Bg2 O-O 6.O-O c6 7.Qc2 b6 8.Bf4 Nh5 9.Rd1
Nxf4 10.gxf4 g6 11.Nbd2 Bb7 12.a3 Nd7 13.Ne5 Nf6 14.b4 Rc8 15.c5 Nh5 16.e3 b5
17.Nb3 Rc7 18.a4 Ba8 19.axb5 cxb5 20.Ra6 Bf6 21.Rda1 Qe7 22.Qa2 Bxe5 23.dxe5
d4 24.Nxd4 Bxg2 25.Kxg2 Qh4 26.Qd2 Rd8 27.h3 Rcd7 28.Rd6 Rxd6 29.cxd6 Rc8
30.Rxa7 Qd8 31.Nf3 h6 32.Qa2 Ng7 33.Qa6 Rb8 34.Nd4 Rb6 35.Ra8 Rxa6 36.Rxd8+
Kh7 37.d7 Ra7 {#r} 1-0

[Event "Ch Croatia"]
[Site "masterchessopen.com Vukovar (Croatia)"]
[Date "2005.11.10"]
[Round "4"]
[White "Kozul Zdenko (CRO)"]
[Black "Dizdar Goran (CRO)"]
[Result "1-0"]
[WhiteElo "2576"]
[BlackElo "2542"]

{ Kozul Zdenko (CRO) +1 =3 -1 Dizdar Goran (CRO) +2 =4 -3 Kozul Zdenko
(CRO)-Dizdar Goran (CRO) +1 =0 -1 } 1.d4 d5 2.c4 e6 3.Nf3 Nf6 4.g3 Be7 5.Bg2
O-O 6.O-O c6 7.Qc2 b6 8.Nbd2 { ?/= } ( 8.Rd1 Ba6 9.b3 Nbd7 10.Nc3 dxc4 11.bxc4
Bxc4 12.Bg5 Nd5 13.Ne4 Ba6 14.Bxe7 Qxe7 15.Neg5 N7f6 16.e4 Nb4 17.Qb1 h6 18.a3
hxg5 19.axb4 Be2 20.Nxg5 Bxd1 21.e5 Ne4 22.Bxe4 Qxg5 23.Qxd1 Rad8 24.Bxc6 Rc8
25.b5 Rfd8 26.f4 Qe7 27.Qa4 Rc7 { ...0-1, Kozul Zdenko 2591 - Dizdar Goran
2524 , Warsaw 27. 6.2005 Ch Europe } ) 8...a5 ( 8...Bb7 9.e4 Nbd7 ( 9...Na6
10.e5 Nd7 11.a3 c5 12.cxd5 Bxd5 13.Qd3 Qc8 14.Ne4 cxd4 15.Neg5 f5 16.exf6 Nxf6
17.Nxd4 Bc4 18.Qd1 Rd8 19.Bxa8 Qxa8 20.Qf3 Qxf3 21.Ngxf3 Bxf1 22.Kxf1 Nc5
23.b4 Nce4 24.Bf4 Rc8 25.Rc1 Rxc1+ 26.Bxc1 a5 27.Nc6 Bd6 28.bxa5 { ...1/2-1/2,
Karpov Anatoly 2700 - Tal Mikhail 2650 , Brussels 1987 It "S.W.I.F.T." } )
10.b3 Rc8 11.Bb2 Qc7 12.Rfe1 Rfe8 13.Rad1 Qb8 14.Qb1 dxe4 15.Ng5 c5 16.Ndxe4
Nxe4 17.Nxe4 cxd4 18.Rxd4 Qa8 19.Bh3 Nf8 20.Qd3 Bxe4 21.Qxe4 Qxe4 { 1/2-1/2,
Seres Lajos 2470 - Dizdar Goran 2545 , Nova Gorica 1997 It (open) } ) (
8...Ba6 9.Ne5 Nfd7 10.Nd3 Nf6 11.Ne5 Nfd7 12.Nd3 Nf6 { 1/2-1/2, Kallai Gabor
2555 - Lautier Joel 2653 , France 2001 Ch France (team) 2001 } ) ( 8...Nbd7
9.e4 Ba6 10.b3 Rc8 11.e5 Ne8 12.Re1 c5 13.cxd5 exd5 14.Qd1 { 1/2-1/2, Sakaev
Konstantin 2672 - Azarov Sergei 2572 , Warsaw 21. 6.2005 Ch Europe } ) 9.b3 (
9.e4 Ba6 10.b3 Nbd7 11.Rd1 b5 12.Bb2 bxc4 13.bxc4 Nxe4 14.Nxe4 dxe4 15.Ne5
Nxe5 16.dxe5 Qb6 17.Bxe4 g6 18.Rd7 Bc5 19.Rad1 Rad8 20.R7d6 Bxd6 21.exd6 Qc5
22.d7 Qxc4 23.Qb1 Bb5 24.Bf6 e5 25.a4 Qxa4 26.Qc1 Rxd7 27.Rxd7 Qxe4 28.Rd6 h6
{ ...1/2-1/2, Poluljahov Aleksandr 2504 - Begun Sergei M 2370 , Podolsk 1990
Ch URS (club) } ) 9...Na6 ( 9...a4 10.bxa4 Qd7 11.e4 Qa7 { 1/2-1/2,
Wojtkiewicz Aleksander 2581 - Ziatdinov Raset 2501 , Las Vegas 2000 It (open)
} ) ( 9...Ba6 10.Bb2 Nbd7 11.e4 dxe4 12.Nxe4 Qc7 13.Rfe1 Rad8 14.Rad1 Nxe4
15.Qxe4 Bb7 16.Qb1 Bf6 17.Re2 c5 18.d5 exd5 19.cxd5 Bxb2 20.d6 Qb8 21.Qxb2 Nf6
22.Red2 Ne4 23.Nh4 Nxd2 24.Nf5 f6 25.Qxd2 Bxg2 26.Ne7+ Kh8 27.Kxg2 Rd7 28.f3
Rfd8 29.Nf5 { ...1/2-1/2, Ostojic Nikola 2435 - Marcetic Nikola 2401 , Niksic
1997 Ch Yugoslavia (team) } ) ( 9...Bb7 10.Bb2 Na6 11.e4 Rc8 12.Rad1 Qc7 13.a3
Rfd8 14.Rfe1 h6 15.Ne5 Bf8 16.f4 Nb8 17.Bh3 Re8 18.f5 Nbd7 19.fxe6 fxe6 20.Ng6
c5 21.cxd5 exd5 22.e5 Ne4 23.Nxe4 dxe4 24.d5 c4 25.Qxc4 Qd8 26.Qxe4 Nc5 27.Qf3
Qg5 28.Nf4 Rcd8 29.Bg2 { ...1-0, Burnett Ronald 2433 - Ochkoos Jura 2275 ,
Guelph 30. 7.2005 It (open) } ) ( 9...c5 10.Bb2 Nc6 11.Rfd1 Bb7 12.a3 Rc8
13.e4 Nxd4 14.Nxd4 cxd4 15.Bxd4 Qc7 16.exd5 Bxd5 17.Bxd5 exd5 18.Qb2 dxc4
19.Nxc4 b5 20.Ne3 Qc6 21.Nf5 Bc5 22.Rac1 Qf3 23.Nh6+ gxh6 24.Bxf6 Bxa3 25.Qxa3
Qxf6 26.Qxa5 Qg5 27.Rc7 Rxc7 28.Qxc7 Qf5 29.Qd6 { ...1/2-1/2, Draskovic Dragan
2160 - Marcetic Nikola 2401 , Ulcinj 1998 Cup Yugoslavia (team) } ) 10.Bb2 {
+0.22 CAP N } ( 10.e4 Bb7 11.Rd1 Rc8 12.e5 Nd7 13.Nf1 c5 14.dxc5 Naxc5 15.h4
dxc4 16.bxc4 Qc7 17.Bf4 Bxf3 18.Bxf3 Nxe5 19.Bg2 Rfd8 20.Qe2 f6 21.Bh3 Qc6
22.Bxe5 fxe5 23.Nd2 e4 24.Bg2 Rd4 25.Nb3 Nxb3 26.axb3 Rcd8 27.Rxd4 Rxd4 28.Re1
Bc5 29.Kh1 Qd7 { ...1/2-1/2, Kozul Zdenko 2591 - Gritsak Orest 2537 , Warsaw
25. 6.2005 Ch Europe } ) 10...Nb4 11.Qb1 Bb7 12.e4 Ra7 { N } ( 12...Rc8 13.a3
Na6 14.Re1 Rc7 15.Qc2 Qa8 16.Rad1 Rd8 17.Qb1 h6 18.Ne5 Bf8 19.h4 c5 20.exd5
exd5 21.Qf5 dxc4 22.Bxb7 Qxb7 23.Ndxc4 Re7 24.dxc5 Rxd1 25.Rxd1 Nxc5 26.Nd6
Qc7 27.g4 Nh7 28.b4 axb4 29.axb4 Na4 30.Ba1 Nc3 31.Bxc3 Qxc3 32.Ndxf7 {
...1-0, Krasenkow Michal 2460 - Dokhoian Yury 2520 , Vilnius 1988 Ch URS
(young masters) } ) 13.a3 Na6 14.Re1 h6 { ?! } ( 14...dxe4 15.Nxe4 c5 16.Ned2
a4 { } ) 15.e5 Nd7 16.cxd5 cxd5 17.h4 { ?! } ( 17.Qd3 Ra8 18.Rac1 Nc7 19.Rc2 {
} ) 17...Nc7 18.Bh3 Nb8 19.Nf1 Nc6 20.N1h2 f5 { ?! } ( 20...Qd7 21.Qc1 Ba6
22.Qf4 Bd3 { } ) 21.exf6 Rxf6 22.Qd1 Qf8 23.Re3 Bd6 24.Qe1 { ?! } ( 24.Qc2 Ra6
25.Ne5 Bxe5 26.Rxe5 { } ) 24...Bc8 { ?! } ( 24...Ra8 25.Rc3 Nb5 26.Bxe6+ Kh8 {
} ) 25.Ne5 Bxe5 26.dxe5 Rf7 27.Rc1 Qe8 28.Nf3 Nb5 29.Bf1 Ba6 30.a4 Nc7 31.Bh3
d4 32.Nxd4 Nxd4 33.Bxd4 Nd5 34.Re4 Bd3 35.h5 { ?! } ( 35.Re3 Nxe3 36.Qxe3 Bf5
37.Bg2 { } ) 35...Bxe4 36.Qxe4 Rac7 37.Rc4 Rfd7 { ? } ( 37...Rc6 { !? } 38.Bg4
Rfc7 39.Be2 Rc8 { } ) 38.Qg4 Re7 39.Rxc7 Rxc7 40.Qxe6+ Qxe6 41.Bxe6+ Kf8
42.Kg2 Rc2 43.Kf3 Nb4 44.Bxb6 Nd3 45.Bd4 Ra2 46.Bc4 Nc1 47.Bc5+ Ke8 48.e6 { }
{#r} 1-0